ESSENTIALS OF ORTHOPEDICS FOR PHYSIOTHERAPISTS (Record no. 16982)
[ view plain ]
| 000 -LEADER | |
|---|---|
| fixed length control field | 00335nam a22001457a 4500 |
| 003 - CONTROL NUMBER IDENTIFIER | |
| control field | SGT |
| 020 ## - INTERNATIONAL STANDARD BOOK NUMBER | |
| International Standard Book Number | 978-93-86261-79-3 |
| 082 ## - DEWEY DECIMAL CLASSIFICATION NUMBER | |
| Classification number | 617.3 |
| Item number | E17E |
| 100 ## - MAIN ENTRY--PERSONAL NAME | |
| Personal name | EBNEZAR, JOHN |
| 245 ## - TITLE STATEMENT | |
| Title | ESSENTIALS OF ORTHOPEDICS FOR PHYSIOTHERAPISTS |
| 250 ## - EDITION STATEMENT | |
| Edition statement | 3RD |
| 260 ## - PUBLICATION, DISTRIBUTION, ETC. (IMPRINT) | |
| Place of publication, distribution, etc | INDIA |
| Name of publisher, distributor, etc | JAYPEE PUB. |
| Year of Publication | 2017 |
| 300 ## - PAGE DESCRIPTION | |
| No. of Pages | 592 |
| 942 ## - ADDED ENTRY ELEMENTS (KOHA) | |
| Source of classification or shelving scheme | Dewey Decimal Classification |
| Koha item type | Books |
| 942 ## - ADDED ENTRY ELEMENTS (KOHA) | |
| -- | 95 |
| Withdrawn status | Lost status | Source of classification or shelving scheme | Damaged status | Not for loan | Collection code | Home library | Current library | Shelving location | Date acquired | Vendor Name | Cost, normal purchase price | SGTU | Bill Number | Total Checkouts | Total Renewals | Full call number | Accession No. (Barcode) | Date last seen | Date last borrowed | Bill Date | Koha item type | Checked out |
|---|---|---|---|---|---|---|---|---|---|---|---|---|---|---|---|---|---|---|---|---|---|---|
| Dewey Decimal Classification | MEDICAL | SGT Medical Library | SGT Medical Library | Text Book | 22/02/2019 | ABC DELHI | 1095.00 | SGTU | 10441 | 22 | 1 | 617.3 E17E | FM11191 | 31/05/2025 | 09/05/2025 | 20/12/2018 | Books | |||||
| Dewey Decimal Classification | MEDICAL | SGT Medical Library | SGT Medical Library | Text Book | 22/02/2019 | ABC DELHI | 1095.00 | SGTU | 10441 | 43 | 617.3 E17E | FM11192 | 07/04/2026 | 24/03/2026 | 20/12/2018 | Books | ||||||
| Dewey Decimal Classification | MEDICAL | SGT Medical Library | SGT Medical Library | Text Book | 22/02/2019 | ABC DELHI | 1095.00 | SGTU | 10441 | 51 | 4 | 617.3 E17E | FM11193 | 13/06/2025 | 16/05/2025 | 20/12/2018 | Books | |||||
| Dewey Decimal Classification | MEDICAL | SGT Medical Library | SGT Medical Library | Text Book | 22/02/2019 | ABC DELHI | 1095.00 | SGTU | 10441 | 20 | 1 | 617.3 E17E | FM11194 | 28/06/2025 | 18/06/2025 | 20/12/2018 | Books | |||||
| Dewey Decimal Classification | MEDICAL | SGT Medical Library | SGT Medical Library | Text Book | 22/02/2019 | ABC DELHI | 1095.00 | SGTU | 10441 | 50 | 617.3 E17E | FM11195 | 16/05/2026 | 16/05/2026 | 20/12/2018 | Books | 30/05/2026 |